logo

Bir Sreshtho Munshi Abdur Rouf Library
Jhenaidah Cadet College

A. Lincoln : (Record no. 9511)

MARC details
000 -LEADER
fixed length control field 00881cam a2200289 a 4500
001 - CONTROL NUMBER
JCCL Control Number 9511
003 - CONTROL NUMBER IDENTIFIER
JCCL marc code BD-JhCC
005 - DATE AND TIME OF LATEST TRANSACTION
control field 20190301134006.0
008 - FIXED-LENGTH DATA ELEMENTS--GENERAL INFORMATION
fixed length control field 940204s1994 scua b 001 0beng
020 ## - INTERNATIONAL STANDARD BOOK NUMBER
International Standard Book Number 97808112975703
035 ## - SYSTEM CONTROL NUMBER
system control number (BD-JhCC)9511
040 ## - CATALOGING SOURCE
Original cataloging agency DLC
Transcribing agency DLC
Modifying agency DLC
-- BD-JhCC
041 ## - LANGUAGE CODE
Language code of Book eng
050 00 - LIBRARY OF CONGRESS CALL NUMBER
Classification number E457.5
Item number .R29 1994
082 00 - DEWEY DECIMAL CLASSIFICATION NUMBER
Classification number 973.7/092
-- B
DDC Edition number 20
100 1# - MAIN ENTRY--PERSONAL NAME
Personal name WHITE, RONALD C
Dates associated with a name 1903-
245 10 - TITLE STATEMENT
Title A. Lincoln :
Remainder of title a biography /
Statement of responsibility, etc RONALD C WHITE
250 ## - EDITION STATEMENT
Edition statement 1st pbk. ed.
260 ## - PUBLICATION, DISTRIBUTION, ETC. (IMPRINT)
Place of publication, distribution, etc Columbia, SC :
Name of publisher, distributor, etc University of South Carolina Press,
Date of publication, distribution, etc 1994.
300 ## - PHYSICAL DESCRIPTION
Pagination vii, 796 p. :
Other physical details ill. ;
Dimensions 23 cm.
504 ## - BIBLIOGRAPHY, ETC. NOTE
Bibliography, etc Includes bibliographical references (p. 199-221) and index.
600 10 - SUBJECT ADDED ENTRY--PERSONAL NAME
Personal name Lincoln, Abraham,
Dates associated with a name 1809-1865
General subdivision Assassination.
650 #0 - SUBJECT ADDED ENTRY--TOPICAL TERM
Topical term or geographic name as entry element Presidents
Geographic subdivision United States
General subdivision Biography.
740 0# -
Uncontrolled related/analytical title Abraham Lincoln.
942 ## - ADDED ENTRY ELEMENTS (KOHA)
Source of classification or shelving scheme Dewey Decimal Classification
Koha item type Books
Koha issues (borrowed), all copies 2
Holdings
Source of classification or shelving scheme Damaged status Not for loan Home library Current library Shelving location Total Checkouts Full call number Barcode Date last seen Date checked out Copy number Koha item type
Dewey Decimal Classification     JCC Rouf Library JCC Rouf Library General Stacks 1 973.7/092 WHI 2010 12272 04/21/2019 02/28/2019 C - 1 Books

JCC Library | Contacts | JCC Home

Last Update on 23 September 2017
Copyright @ 2017-2020 JCC Rouf Library
Rouf Library, Jhenidah Cadet College (JCC), Bangladesh